| 000 | 00666nam a22001937a 4500 | ||
|---|---|---|---|
| 005 | 20260612164548.0 | ||
| 010 | _aENG-148834 | ||
| 020 |
_c900.00 _a9788119664887 |
||
| 035 | _aEN-132366 | ||
| 037 | _bDBAD | ||
| 082 |
_a268 _21 |
||
| 100 |
_aChoondal, Gilbert _966345 |
||
| 245 |
_aReadings in Catechetics: _bA Complete Resource Book/ _cGilbert Choondal |
||
| 250 | _a1 | ||
| 260 |
_bATC Publishers _aBengaluru _c2024 |
||
| 270 |
_aSt's Mary Block, Archdiocesan,Pastoral Center,#5, Nandidurga Road,Benson Town _bBengaluru _e560046 _k+918025491999 _k7090100444 _minfo@atcpublishers.com |
||
| 300 |
_a617p. _c21cm(pb) |
||
| 942 |
_2ddc _cEN _h268 _mCHO |
||
| 999 |
_c216634 _d216634 |
||